000 00308nam a22001457a 4500
008 210310b ||||| |||| 00| 0 eng d
020 _a0132212277
041 _aeng
080 _25th
_a521
082 _a521
100 _a42
101 _aAST
245 _aDynamic Astronomy
_cDixon,T.R
942 _2udc
_cBK
999 _c56253
_d56253